| 000 | 01925nam a22002177a 4500 | ||
|---|---|---|---|
| 008 | 140610b xxu||||| |||| 00| 0 spa d | ||
| 020 | _a978-92-2-328288-2 | ||
| 082 | 1 | 4 |
_214 _a331.11 |
| 100 | 1 |
_92179 _aBertranou, Fabio |
|
| 245 | 1 | 0 |
_aInformalidad laboral en la Argentina : _bsegmentos críticos y políticos para la formalización. / _cFabio Bertranou, Luis Casanova. |
| 260 |
_aBuenos Aires : _bOIT, _c2013. |
||
| 300 | _a181 p. | ||
| 505 | _a1.Introducción. 2.El empleo informal: concepto, fuentes de información y una aproximación a su extensión en Argentina. 3. Evolución del empleo asalariado no registrado durante el período 2003-2012. 4. Estructura de ingresos de los asalariados no registrados. 5. Segmentos del mercado de trabajo de elevada informalidad. 6. Estrategias y políticas para la formalización y la extensión de la cobertura de la protección social a familias en la economía informal. 7. Reflexiones finales y desafíos para reducir la informalidad laboral. Referencias Anexos | ||
| 520 | _aEsta publicación contiene una caracterización de la reducción reciente de la informalidad laboral en Argentina, identificando los factores que explican esta tendencia luego de la crisis económica de 2001-2002. En particular, el documento aborda la situación de algunos segmentos laborales críticos en donde persisten núcleos duros de precariedad e informalidad. Asimismo, describe las políticas públicas implementadas en los últimos años para abordar el fenómeno del empleo no registrado y analiza los desafíos que se presentan para profundizar su reducción. | ||
| 650 | 0 |
_91064 _aTRABAJO PRECARIZADO |
|
| 650 | 0 |
_91295 _aMERCADO DE TRABAJO _2unescot |
|
| 651 | 0 |
_9326 _aARGENTINA |
|
| 700 | 1 |
_92180 _aCasanova, Luis |
|
| 856 | 4 | 0 | _uhttp://www.ilo.org/wcmsp5/groups/public/---americas/---ro-lima/---ilo-buenos_aires/documents/publication/wcms_234705.pdf |
| 942 |
_2ddc _cLIBRO |
||
| 999 |
_c2102 _d2102 |
||
| 980 |
_81943 _gVALERIA BEATRIZ DOMÍNGUEZ |
||